| 000 | 01200nam a2200325 c 4500 | ||
|---|---|---|---|
| 999 |
_c101252 _d101252 |
||
| 003 | BLK | ||
| 005 | 20200312133329.0 | ||
| 008 | 180409b bul|||||r ||||||| ||bul|| | ||
| 010 | _aKNG00106295000 | ||
| 040 | _aBLK | ||
| 041 |
_aBUL _cBUL |
||
| 080 |
_aНаука. Наукознание. Организация на умствения труд _b001 _x(035) _z001(035) |
||
| 100 | 1 |
_aРичардсън, Матю _eпърви автор _9308747 |
|
| 139 |
_aРичардсън, Матю _bР 66 |
||
| 245 | 1 | 0 |
_aЕнциклопедия на първите _bОткрития, изобретения, постижения, идеи _cМатю Ричардсън; прев. от англ. Катя Герчева. |
| 257 | _aGBR | ||
| 260 |
_bПлеяда _c2003 |
||
| 300 |
_a511 с. _c24 см |
||
| 380 | _a0 | ||
| 650 | 4 |
_aОткрития - история _9272522 |
|
| 650 | 4 |
_aИзобретения _9156634 |
|
| 653 | _aоткрития | ||
| 653 | _aизобретения | ||
| 700 | 1 |
_aГерчева, Катя _eпрев. от англ. _9308748 |
|
| 852 | _aЦб 214930 | ||
| 856 | 4 | _qpdf | |
| 856 | 4 | _qpdf | |
| 942 |
_cKNG _n0 _s1 |
||
| 944 |
_aCR _c01.01.2003 _kКети_Илиева |
||
| 944 |
_aED _c07.11.2012 |
||
| 999 | _d101252 | ||